Danse avec les Stars - Partenaires de Maxime Dereymez - Statistiques

Statistiques générales
  • Ce quiz a été pris 61 fois
  • Le résultat moyen est 6 sur 12
Statistiques - réponses
Saisons Professions Célébrités % Correct
Saison 2 Chanteuse Shy'm
87%
Saison 13 Drag Queen Keiona
81%
Saison 11 Chanteuse Lââm
55%
Saison 1 Actrice Sofia Essaïdi
55%
Saison 7 Influenceuse Caroline Receveur
53%
Saison 4 Miss France Laury Thilleman
49%
Saison 8 Actrice, chanteuse et chroniqueuse Arielle Dombasle
43%
Saison 9 Actrice Pamela Anderson
43%
Saison 10 Actrice Clara Morgane
40%
Saison 5 Actrice Tonya Kinzinger
40%
Saison 3 Mannequin Estelle Lefébure
34%
Saison 6 Miss France Sophie Vouzelaud
34%
Aucun quiz correspondant
Distribution des résultats
% des personnes avec chaque résultat
Percentile par nombre de réponses
Votre historique - résultats
Vous n’avez pas pris ce quiz